000 00500nam a22001817a 4500
003 CEME
005 20210628203936.0
008 210126b xxu||||| |||| 00| 0 eng d
020 _a1-884207-72-3
040 _c.
082 _a668.412 FIS
100 _aFischer, Jerry M
_967935
245 _aHandbook of molded part shrinkage and warpage
260 _aNEW YORK
_bPLASTIC DESIGN LIBRARY
_c2003
300 _aXI252P
650 _aPLASTIC- MOLDING -HANDBOOKS MANUALS, ETC
_967936
942 _cBK
_2ddc
999 _c575620
_d575620